<?xml version="1.0" encoding="UTF-8"?>
<record
    xmlns:xsi="http://www.w3.org/2001/XMLSchema-instance"
    xsi:schemaLocation="http://www.loc.gov/MARC21/slim http://www.loc.gov/standards/marcxml/schema/MARC21slim.xsd"
    xmlns="http://www.loc.gov/MARC21/slim">

  <leader>01537nam a22002657a 4500</leader>
  <controlfield tag="003">Uzh_bibl</controlfield>
  <controlfield tag="005">20260122170405.0</controlfield>
  <controlfield tag="008">260122b        |||||||| |||| 00| 0 ukr d</controlfield>
  <datafield tag="020" ind1=" " ind2=" ">
    <subfield code="a">978-966-642-379-8</subfield>
    <subfield code="c">36.88</subfield>
  </datafield>
  <datafield tag="040" ind1=" " ind2=" ">
    <subfield code="b">&#x443;&#x43A;&#x440;.</subfield>
  </datafield>
  <datafield tag="041" ind1=" " ind2=" ">
    <subfield code="2">ukr</subfield>
    <subfield code="a">ukr</subfield>
  </datafield>
  <datafield tag="080" ind1=" " ind2=" ">
    <subfield code="a">72</subfield>
  </datafield>
  <datafield tag="090" ind1=" " ind2=" ">
    <subfield code="a">72</subfield>
    <subfield code="b">&#x41A; 88</subfield>
  </datafield>
  <datafield tag="100" ind1=" " ind2=" ">
    <subfield code="a">&#x41A;&#x443;&#x434;&#x440;&#x44F;&#x432;&#x446;&#x435;&#x432; &#x41B;&#x435;&#x432;</subfield>
  </datafield>
  <datafield tag="245" ind1=" " ind2=" ">
    <subfield code="a">&#x413;&#x440;&#x430;&#x434; &#x43D;&#x430;&#x434; &#x411;&#x43E;&#x440;&#x438;&#x441;&#x444;&#x435;&#x43D;&#x43E;&#x43C;</subfield>
    <subfield code="h">&#x422;&#x435;&#x43A;&#x441;&#x442;</subfield>
  </datafield>
  <datafield tag="260" ind1=" " ind2=" ">
    <subfield code="a">&#x41A;&#x438;&#x457;&#x432; </subfield>
    <subfield code="b">"&#x412;&#x438;&#x449;&#x430; &#x448;&#x43A;&#x43E;&#x43B;&#x430;"</subfield>
    <subfield code="c">2007</subfield>
  </datafield>
  <datafield tag="300" ind1=" " ind2=" ">
    <subfield code="a">295 &#x441;.</subfield>
    <subfield code="b">&#x456;&#x43B;.</subfield>
    <subfield code="f">&#x412; &#x43E;&#x43F;&#x440;.</subfield>
  </datafield>
  <datafield tag="520" ind1=" " ind2=" ">
    <subfield code="a">&#x41A;&#x43D;&#x438;&#x436;&#x43A;&#x430; &#x437;&#x43D;&#x430;&#x439;&#x43E;&#x43C;&#x438;&#x442;&#x44C; &#x447;&#x438;&#x442;&#x430;&#x447;&#x430; &#x437; &#x432;&#x443;&#x43B;&#x438;&#x446;&#x44F;&#x43C;&#x438; &#x456; &#x43C;&#x430;&#x439;&#x434;&#x430;&#x43D;&#x430;&#x43C;&#x438; &#x441;&#x442;&#x43E;&#x43B;&#x438;&#x446;&#x456; &#x43D;&#x435;&#x437;&#x430;&#x43B;&#x435;&#x436;&#x43D;&#x43E;&#x457; &#x423;&#x43A;&#x440;&#x430;&#x457;&#x43D;&#x438; - &#x43A;&#x440;&#x430;&#x441;&#x435;&#x43D;&#x44F; &#x41A;&#x438;&#x454;&#x432;&#x430;. &#x41D;&#x430;&#x440;&#x438;&#x441;&#x438; &#x440;&#x43E;&#x437;&#x43F;&#x43E;&#x432;&#x456;&#x434;&#x430;&#x44E;&#x442;&#x44C; &#x43F;&#x440;&#x43E; &#x457;&#x445; &#x43C;&#x438;&#x43D;&#x443;&#x43B;&#x435; &#x456; &#x441;&#x44C;&#x43E;&#x433;&#x43E;&#x434;&#x435;&#x43D;&#x43D;&#x44F;. &#x410;&#x432;&#x442;&#x43E;&#x440; &#x43D;&#x435; &#x442;&#x456;&#x43B;&#x44C;&#x43A;&#x438; &#x43F;&#x440;&#x438;&#x432;&#x435;&#x440;&#x442;&#x430;&#x454; &#x443;&#x432;&#x430;&#x433;&#x443; &#x447;&#x438;&#x442;&#x430;&#x447;&#x430; &#x434;&#x43E; &#x43D;&#x430;&#x439;&#x432;&#x456;&#x434;&#x43E;&#x43C;&#x456;&#x448;&#x438;&#x445; &#x456; &#x43D;&#x430;&#x439;&#x446;&#x456;&#x43A;&#x430;&#x432;&#x456;&#x448;&#x438;&#x445; &#x432; &#x430;&#x440;&#x445;&#x456;&#x442;&#x435;&#x43A;&#x443;&#x440;&#x43D;&#x43E;&#x43C;&#x443; &#x432;&#x456;&#x434;&#x43D;&#x43E;&#x448;&#x435;&#x43D;&#x43D;&#x456; &#x432;&#x443;&#x43B;&#x438;&#x446;&#x44C;, &#x430; &#x439; &#x437;&#x430;&#x445;&#x43E;&#x43F;&#x43B;&#x435;&#x43D;&#x43E; &#x440;&#x43E;&#x437;&#x43F;&#x43E;&#x432;&#x456;&#x434;&#x430;&#x454; &#x43F;&#x440;&#x43E; &#x43C;&#x435;&#x43D;&#x448; &#x432;&#x456;&#x434;&#x43E;&#x43C;&#x456; &#x413;&#x43E;&#x433;&#x43E;&#x43B;&#x432;&#x441;&#x44C;&#x43A;&#x443;, &#x41F;&#x440;&#x435;&#x434;&#x441;&#x43B;&#x430;&#x432;&#x438;&#x43D;&#x441;&#x44C;&#x43A;&#x443;, &#x422;&#x443;&#x440;&#x433;&#x435;&#x43D;&#x454;&#x432;&#x441;&#x44C;&#x43A;&#x443;. &#x41E;&#x43A;&#x440;&#x430;&#x441;&#x43E;&#x44E; &#x432;&#x438;&#x434;&#x430;&#x43D;&#x43D;&#x44F; &#x454; &#x443;&#x43D;&#x456;&#x43A;&#x430;&#x43B;&#x44C;&#x43D;&#x456; &#x430;&#x440;&#x445;&#x456;&#x432;&#x43D;&#x456; &#x444;&#x43E;&#x442;&#x43E;&#x433;&#x440;&#x430;&#x444;&#x456;&#x457;.</subfield>
  </datafield>
  <datafield tag="521" ind1=" " ind2=" ">
    <subfield code="a">&#x414;&#x43B;&#x44F; &#x448;&#x438;&#x440;&#x43E;&#x43A;&#x43E;&#x433;&#x43E; &#x43A;&#x43E;&#x43B;&#x430; &#x447;&#x438;&#x442;&#x430;&#x447;&#x456;&#x432; </subfield>
  </datafield>
  <datafield tag="546" ind1=" " ind2=" ">
    <subfield code="a">&#x443;&#x43A;&#x440;.</subfield>
  </datafield>
  <datafield tag="650" ind1=" " ind2=" ">
    <subfield code="a">&#x41D;&#x430;&#x443;&#x43A;&#x43E;&#x432;&#x43E; &#x43F;&#x43E;&#x43F;&#x443;&#x43B;&#x44F;&#x440;&#x43D;&#x435;&#x432;&#x438;&#x434;&#x430;&#x43D;&#x43D;&#x44F;</subfield>
  </datafield>
  <datafield tag="653" ind1=" " ind2=" ">
    <subfield code="a">&#x406;&#x43B;&#x44E;&#x441;&#x442;&#x440;&#x43E;&#x432;&#x430;&#x43D;&#x430; &#x456;&#x441;&#x442;&#x43E;&#x440;&#x456;&#x44F; &#x432;&#x443;&#x43B;&#x438;&#x446;&#x44C; &#x456; &#x43C;&#x430;&#x439;&#x434;&#x430;&#x43D;&#x456;&#x432; &#x41A;&#x438;&#x454;&#x432;&#x430;</subfield>
  </datafield>
  <datafield tag="655" ind1=" " ind2=" ">
    <subfield code="a">&#x41D;&#x430;&#x432;&#x447;&#x430;&#x43B;&#x44C;&#x43D;&#x430; &#x43B;&#x456;&#x442;&#x435;&#x440;&#x430;&#x442;&#x443;&#x440;&#x430;</subfield>
  </datafield>
  <datafield tag="942" ind1=" " ind2=" ">
    <subfield code="2">udc</subfield>
    <subfield code="c">BK</subfield>
  </datafield>
  <datafield tag="999" ind1=" " ind2=" ">
    <subfield code="c">16568</subfield>
    <subfield code="d">16568</subfield>
  </datafield>
</record>
